[Event "Hartberg op"]
[Site "Hartberg"]
[Date "1991.??.??"]
[Round "2"]
[White "Timoshenko, Georgy"]
[Black "Topakian, Raffi"]
[Result "1-0"]
[WhiteElo "2475"]
[BlackElo "2255"]

1.d4 Nf6 2.c4 g6 3.Nc3 d5 4.cxd5 Nxd5 5.e4 Nxc3 6.bxc3 Bg7 7.Bc4 O-O 8.Ne2 Nc6
9.O-O e5 10.d5 Na5 11.Bd3 b6 12.Bb2 c5 13.c4 f5 14.exf5 gxf5 15.Ng3 Bd7 16.Re1 e4
17.Bxg7 Kxg7 18.Bf1 Qg5 19.f3 Rae8 20.fxe4 f4 21.Qd2 Qe5 22.Nh1 Kh8 23.Rac1 Nb7
24.Qc3 Nd6 25.Nf2 Rf7 26.Qf3 Bc8 27.Kh1 Qg5 28.e5 Nf5 29.e6 Rg7 30.Nh3 Qf6
31.Qxf4 Qg6 32.Rc3  1-0

[Event "Hastings Challengers9192"]
[Site "Hastings"]
[Date "1991.??.??"]
[Round "?"]
[White "Timoshchenko, Gennadi A"]
[Black "Morris, Philip"]
[Result "1-0"]
[WhiteElo "2505"]
[BlackElo "2385"]

1.d4 Nf6 2.c4 g6 3.Nc3 d5 4.cxd5 Nxd5 5.e4 Nxc3 6.bxc3 Bg7 7.Bc4 c5 8.Ne2 Nc6
9.Be3 O-O 10.O-O Bg4 11.f3 Na5 12.Bxf7+ Rxf7 13.fxg4 Rxf1+ 14.Kxf1 cxd4 15.cxd4 e5
16.Rc1 exd4 17.Bxd4 Qf8+ 18.Kg1 Rd8 19.Qa4 Bxd4+ 20.Nxd4 Qf4 21.Re1 b6 22.h3 Qd2
23.Nf3 Qd7 24.Qb4 Qd6 25.Qxd6 Rxd6 26.e5 Rd3 27.Rc1 Rd7 28.e6 Re7 29.Nd4 Nb7
30.Rc6 Nc5 31.g5 Rb7 32.Rc8+ Kg7 33.h4 Re7 34.Rc6 Rb7 35.Rd6 Re7 36.g4 Ne4
37.Rc6 Nc5 38.Kg2 Kf8 39.Kf3 Rb7 40.Kf4 Ke7 41.Nf5+ gxf5 42.gxf5 Rb8 43.f6+ Ke8
44.h5 Rd8 45.g6 hxg6 46.hxg6 Rd4+ 47.Ke5  1-0

[Event "Helsingborg-B"]
[Site "Helsingborg"]
[Date "1991.??.??"]
[Round "?"]
[White "Henriksson, Jakob"]
[Black "Hedman, Erik"]
[Result "1/2-1/2"]
[WhiteElo "2200"]
[BlackElo "2200"]

1.d4 Nf6 2.c4 g6 3.Nc3 d5 4.cxd5 Nxd5 5.e4 Nxc3 6.bxc3 Bg7 7.Bc4 c5 8.Ne2 O-O
9.O-O Nc6 10.Be3 Qc7 11.Rc1 Rd8 12.Qd2 a6 13.f4 e6 14.Bb3 b5 15.Rfd1 Ne7
16.Ng3 c4 17.Bc2 f5 18.d5 Rd6 19.Bd4 Bxd4+ 20.Qxd4 Qa7 21.Qxa7 Rxa7 22.dxe6 Rxd1+
23.Rxd1 Bxe6 24.exf5 gxf5 25.Rd6  1/2-1/2

[Event "Helsingborg-B"]
[Site "Helsingborg"]
[Date "1991.??.??"]
[Round "?"]
[White "Henriksson, Jakob"]
[Black "Hjelm, Niclas"]
[Result "1/2-1/2"]
[WhiteElo "2200"]
[BlackElo "2325"]

1.d4 Nf6 2.c4 g6 3.Nc3 d5 4.cxd5 Nxd5 5.e4 Nxc3 6.bxc3 Bg7 7.Bc4 c5 8.Ne2 Nc6
9.Be3 O-O 10.O-O Bg4 11.f3 Na5 12.Bd5 Bd7 13.Rb1 Qc8 14.Qd2 e6 15.Bb3 b6
16.Bh6 Rd8 17.Bxg7 Kxg7 18.Ng3 h6 19.e5 Nxb3 20.axb3 Bb5 21.Rfd1 cxd4 22.cxd4 Bc6
23.Qf4  1/2-1/2

[Event "Helsingborg-A"]
[Site "Helsingborg"]
[Date "1991.??.??"]
[Round "?"]
[White "Ziegler, Ari"]
[Black "Moberg, Karl Johan"]
[Result "0-1"]
[WhiteElo "2275"]
[BlackElo "2200"]

1.d4 Nf6 2.c4 g6 3.Nc3 d5 4.cxd5 Nxd5 5.e4 Nxc3 6.bxc3 Bg7 7.Nf3 c5 8.Rb1 O-O
9.Be2 cxd4 10.cxd4 Qa5+ 11.Bd2 Qxa2 12.O-O Bg4 13.Bg5 h6 14.Be3 b6 15.h3 Bxf3
16.Bxf3 e5 17.d5 Nd7 18.Ra1 Qb2 19.Qc1 Qxc1 20.Rfxc1 Rfd8 21.Be2 Bf8 22.Bb5 Nc5
23.Bc6 Nb3 24.Bxa8 Rxa8 25.Rcb1 Nxa1 26.Rxa1 b5 27.Ra6 b4 28.d6 b3 29.Bc1 Rd8
30.Rxa7 Rxd6 31.Kh2 Rb6 32.Bb2 f6 33.Ra8 Kf7 34.Rc8 Bd6 35.Kg3 Rb5 36.Rc1 Bc5
37.Kf3 Ke6 38.Ke2 Bd4 39.Rb1 f5 40.f3 Bxb2 41.Rxb2 fxe4 42.fxe4 Kd6 43.Kd3 Kc5
44.Kc3 Rb4 45.Rd2 b2  0-1

[Event "Helsingborg-B"]
[Site "Helsingborg"]
[Date "1991.??.??"]
[Round "?"]
[White "Henriksson, Jakob"]
[Black "Stromberg, Peter"]
[Result "0-1"]
[WhiteElo "2200"]
[BlackElo "2200"]

1.d4 Nf6 2.c4 g6 3.Nc3 d5 4.cxd5 Nxd5 5.e4 Nxc3 6.bxc3 Bg7 7.Bc4 c5 8.Ne2 O-O
9.O-O Nc6 10.Be3 Bg4 11.f3 Na5 12.Bd5 Bd7 13.Rb1 Qc8 14.Qd2 e6 15.Bb3 cxd4
16.cxd4 b6 17.Ng3 Bb5 18.Rfc1 Qd7 19.e5 Rfd8 20.Ne4 Bc6 21.Nd6 Nb7 22.Bg5 Nxd6
23.exd6 Qxd6 24.Bxd8 Rxd8 25.Kh1 Ba8 26.Rc3 Be5 27.Rbc1 Bf4 28.Qd3 Bxc1 29.Rxc1 Bd5
30.Rd1 Bxb3 31.Qxb3 Qd5 32.Qa4 Rd7 33.f4 Rc7 34.h3 Qe4 35.Rf1 Rc2 36.Rg1 Rc3
37.Kh2 Qxf4+ 38.g3 Qc7 39.Rg2 Rc4 40.Qd1 Qd6 41.Rd2 Qd5 42.Rd3 Rc7 43.Rd2 Rd7
44.Qg4 e5 45.Qg5 Kg7 46.Rf2 Qxd4 47.Qf6+ Kg8 48.Rc2 Rd8 49.h4 e4 50.Qe7 h5
51.Re2 Rd7 52.Qe8+ Kg7 53.Kh3 Rc7 54.Rxe4 Qd7+ 55.Qxd7 Rxd7 56.a4 Kf6 57.g4 Rd3+
58.Kg2 hxg4 59.Rxg4 Ke5 60.Kf2 Rd4  0-1

[Event "Helsingborg-B"]
[Site "Helsingborg"]
[Date "1991.??.??"]
[Round "?"]
[White "Hultin, Johan"]
[Black "Hjelm, Niclas"]
[Result "1/2-1/2"]
[WhiteElo "2235"]
[BlackElo "2325"]

1.d4 Nf6 2.c4 g6 3.Nc3 d5 4.cxd5 Nxd5 5.e4 Nxc3 6.bxc3 Bg7 7.Nf3 c5 8.Rb1 O-O
9.Be2 cxd4 10.cxd4 Qa5+ 11.Bd2 Qxa2 12.O-O a5 13.Qc1 Qe6 14.Bc4 Qxe4 15.Bxf7+ Rxf7
16.Qxc8+ Rf8 17.Qc4+ e6 18.Rb5 Qc6 19.Rc5 b5 20.Rxc6 bxc4 21.Rxc4 Nd7 22.Ra4 e5
23.dxe5 Nxe5 24.Nxe5 Bxe5 25.Rxa5 Rxa5 26.Bxa5 Ra8 27.Bd2 Ra1 28.Rxa1 Bxa1
29.g3 h5 30.Kg2 Kf7 31.Kf3 Bg7 32.Ke4 Ke6 33.Be3 Bf6 34.Bd4 Bg5 35.f4 Be7
36.h3  1/2-1/2

[Event "Helsingborg-B"]
[Site "Helsingborg"]
[Date "1991.??.??"]
[Round "?"]
[White "Hultin, Johan"]
[Black "Stromberg, Peter"]
[Result "1-0"]
[WhiteElo "2235"]
[BlackElo "2200"]

1.d4 Nf6 2.c4 g6 3.Nc3 d5 4.cxd5 Nxd5 5.e4 Nxc3 6.bxc3 Bg7 7.Nf3 c5 8.Rb1 O-O
9.Be2 cxd4 10.cxd4 Qa5+ 11.Bd2 Qxa2 12.O-O b6 13.Qc1 Qe6 14.Bc4 Qd7 15.Ne5 Bxe5
16.dxe5 Ba6 17.Rd1 Rc8 18.e6 fxe6 19.Bc3 Rxc4 20.Rxd7 Nxd7 21.Qa3 Rac8 22.Bb2 Nc5
23.f3 Rc2 24.Qa1 e5 25.h4 Rd8 26.Bxe5 Rdd2 27.Rd1 Rxg2+ 28.Kh1 Nd3 29.Qd4 Nxe5
30.Qxe5 Rh2+ 31.Qxh2 Rxh2+ 32.Kxh2 Bb5 33.Rd8+ Kf7 34.Ra8 a6 35.Rb8 Be2 36.Kg3 b5
37.Kf2 Bc4 38.Ra8 b4 39.Ke3 Ke6 40.Kd4 Bb5 41.f4 Kd6 42.Rh8 a5 43.Rxh7 a4
44.Rh6 a3 45.Rxg6+ Kc7 46.Rg3 Be2 47.Rh3 Bd1 48.Rh1 Bc2 49.Rc1 Kd7 50.Rxc2 b3
51.Kc3 bxc2 52.Kxc2 Ke6  1-0

[Event "Helsinki op"]
[Site "Helsinki"]
[Date "1991.??.??"]
[Round "?"]
[White "Norri, Joose"]
[Black "Kekki, Petri"]
[Result "0-1"]
[WhiteElo "2325"]
[BlackElo "2275"]

1.d4 Nf6 2.c4 g6 3.Nc3 d5 4.cxd5 Nxd5 5.e4 Nxc3 6.bxc3 Bg7 7.Bc4 O-O 8.Ne2 Nc6
9.O-O b6 10.Rb1 Bb7 11.Bg5 Qd6 12.e5 Nxe5 13.dxe5 Qc6  0-1

[Event "Helsinki op"]
[Site "Helsinki"]
[Date "1991.??.??"]
[Round "?"]
[White "Norri, Joose"]
[Black "Rytshagov, Mikhail"]
[Result "0-1"]
[WhiteElo "2325"]
[BlackElo "2435"]

1.d4 Nf6 2.c4 g6 3.Nc3 d5 4.cxd5 Nxd5 5.e4 Nxc3 6.bxc3 Bg7 7.Nf3 c5 8.Be3 Qa5
9.Qd2 Nc6 10.Rc1 cxd4 11.cxd4 Qxd2+ 12.Kxd2 O-O 13.Bb5 Rd8 14.Bxc6 bxc6 15.Rxc6 Bb7
16.Rc7 Bxe4 17.Rxe7 Bd5 18.Rc1 Bxa2 19.Ra1 Bd5 20.Raxa7 Rxa7 21.Rxa7 Bxf3
22.gxf3 Bxd4 23.Ra6 Bxe3+ 24.Kxe3 Rd1 25.Ra4 h5 26.Ke2 Rg1 27.Rh4 Kg7 28.Rh3 Kf6
29.f4 Kf5 30.Ke3 Kg4 31.Rg3+ Rxg3+ 32.hxg3 f5 33.Ke2 h4 34.gxh4 Kxf4 35.Kf1 Kf3
36.Kg1 Ke2  0-1

[Event "Helsinki op"]
[Site "Helsinki"]
[Date "1991.??.??"]
[Round "?"]
[White "Scholseth, Tor Kristian"]
[Black "Kekki, Petri"]
[Result "1/2-1/2"]
[WhiteElo "2320"]
[BlackElo "2275"]

1.d4 Nf6 2.c4 g6 3.Nc3 d5 4.cxd5 Nxd5 5.e4 Nxc3 6.bxc3 Bg7 7.Nf3 O-O 8.Be3 c5
9.Qd2 Qa5 10.Rb1 cxd4 11.cxd4 Nc6 12.Qxa5 Nxa5 13.Bd3  1/2-1/2

[Event "Helsinki"]
[Site "Helsinki"]
[Date "1991.??.??"]
[Round "?"]
[White "Cramling, Pia"]
[Black "Pyhala, Antti"]
[Result "1/2-1/2"]
[WhiteElo "2470"]
[BlackElo "2380"]

1.d4 Nf6 2.c4 g6 3.Nc3 d5 4.cxd5 Nxd5 5.e4 Nxc3 6.bxc3 Bg7 7.Bc4 c5 8.Ne2 O-O
9.O-O Nc6 10.Be3 Na5 11.Bd3 b6 12.Rc1 Bb7 13.Qd2 Qd7 14.d5 e5 15.f4 f5 16.c4 fxe4
17.Bxe4 Rae8 18.Qd3 Ba6 19.f5 Nxc4 20.fxg6 Rxf1+ 21.Rxf1 hxg6 22.d6 Nxe3
23.Qxe3 Qxd6 24.Qb3+ c4 25.Qf3 Rf8 26.Bd5+ Kh7 27.Qh3+ Bh6 28.Rxf8 Qxf8 29.Nc3 Bc8
30.Qh4 Kg7 31.g4 Be3+ 32.Kg2 Qf4 33.Qe7+ Kh6 34.Qh4+ Kg7 35.Qe7+  1/2-1/2

[Event "Oberliga Hessen"]
[Site "Hessen"]
[Date "1991.??.??"]
[Round "?"]
[White "Staller, Peter"]
[Black "Heidl, Guenther"]
[Result "1/2-1/2"]
[WhiteElo "2365"]
[BlackElo "2400"]

1.c4 Nf6 2.Nc3 d5 3.d4 g6 4.cxd5 Nxd5 5.e4 Nxc3 6.bxc3 Bg7 7.Be3 c5 8.Rc1 O-O
9.Nf3 Qa5 10.Qd2 Rd8 11.d5 Nd7 12.c4 Qa4 13.Bd3 a6 14.O-O b5 15.cxb5 axb5
16.Bxc5 Nxc5 17.Rxc5 b4 18.e5 Bg4 19.Re1 Qxa2 20.Qxb4 Bxf3 21.gxf3 Rxd5 22.Rxd5 Qxd5
23.Be4 Qa5 24.Qxa5 Rxa5 25.e6 fxe6 26.Bc2 Kf7 27.Bb3  1/2-1/2

[Event "Oberliga Hessen"]
[Site "Hessen"]
[Date "1991.??.??"]
[Round "?"]
[White "Weiler, Dieter"]
[Black "Falk, Ulrich"]
[Result "1/2-1/2"]
[WhiteElo "2255"]
[BlackElo "2240"]

1.d4 Nf6 2.c4 g6 3.Nc3 d5 4.cxd5 Nxd5 5.e4 Nxc3 6.bxc3 Bg7 7.Qa4+ Nd7 8.Nf3 O-O
9.Bg5 h6 10.Be3 c5 11.Rc1 Nb6 12.Qb3 cxd4 13.cxd4 Bg4 14.Be2 Bxf3 15.Bxf3 Bxd4
16.Bxh6 Re8 17.h4 Rc8 18.h5 Rxc1+ 19.Bxc1 Qc7 20.Bd2 Qc4 21.hxg6 Qxb3 22.axb3 fxg6
23.Bg4 e6 24.Ke2 Nd7 25.Be3 Bxe3 26.Kxe3 Nf6 27.Be2 e5 28.Rc1 Re7 29.Rc8+ Kg7
30.Bc4 b6 31.Bb5 g5 32.Bc6 Rf7 33.f3 Re7 34.g3 Rf7 35.Bd5 Rd7 36.Be6 Re7
37.Bf5 Nh5 38.Kf2 Nf6 39.Rc6 Kf7 40.Ke3 Re8 41.Rc7+ Re7 42.Rc6 Re8 43.Kd3 Re7
44.Kc3 Kg7 45.Kc4 Kf7 46.Kb5 Nd7 47.Rg6 Nc5 48.b4 Nb3 49.Rxg5 Nd4+ 50.Kc4 Nxf3
51.Rh5 a5 52.bxa5 bxa5 53.Rh7+ Kf6 54.Rh6+ Kg5 55.Rg6+ Kh5 56.Ra6 Rg7 57.g4+ Kg5
58.Rxa5 Kf4 59.Ra8 Rc7+ 60.Kd5 Rb7 61.Rf8 Rb5+ 62.Kd6 Ra5 63.Bd7+ Ke3 64.Bc6 Ng5
65.Rf6 Nxe4+ 66.Bxe4 Kxe4 67.g5 Ra6+ 68.Ke7 Ra7+ 69.Kf8 Ra8+ 70.Kf7 Ra7+
71.Kf8 Ra8+ 72.Kg7 Ke3 73.g6 e4 74.Rf8 Ra1 75.Kf6  1/2-1/2

[Event "Hessen-ch"]
[Site "Hessen"]
[Date "1991.??.??"]
[Round "8"]
[White "Schmitzer, Klaus"]
[Black "Roeschlau, Bernd"]
[Result "0-1"]
[WhiteElo "2335"]
[BlackElo "2315"]

1.d4 Nf6 2.c4 g6 3.Nc3 d5 4.cxd5 Nxd5 5.e4 Nxc3 6.bxc3 Bg7 7.Bc4 c5 8.Ne2 O-O
9.O-O Nc6 10.Be3 Qc7 11.Rc1 Na5 12.Bd3 a6 13.Qd2 Rd8 14.Bf4 Qd7 15.Rfd1 b5
16.d5 e6 17.c4 b4 18.Qe3 e5 19.Bg3 Qc7 20.Bb1 Nb7 21.f3 Bd7 22.Bf2 Rac8 23.a3 a5
24.axb4 axb4 25.Bc2 Ra8 26.Ra1 Ra5 27.Rxa5 Qxa5 28.Nc1 Qa6 29.Qd3 Ra8 30.Nb3 Qb6
31.Ra1 Rxa1+ 32.Nxa1 Qa7 33.Nb3 Bf8 34.Bh4 Qa3 35.Bf6 Bd6 36.f4 Qb2 37.h3 Ba4
38.fxe5 Bxe5 39.Bxe5 Qxe5 40.Nd2 Qa1+ 41.Kh2 Qe5+ 42.Kg1 Bxc2 43.Qxc2 Qd4+
44.Kf1 Nd6 45.Ke2 Qg1 46.Kf3 Qe1 47.g4 Qh1+ 48.Kg3 Qg1+ 49.Kf3 Qh2 50.Qb2 Qxh3+
51.Ke2 Qxg4+ 52.Kd3 Qg3+ 53.Kc2 Qe3 54.Kd1 Nxe4 55.Nxe4 Qxe4  0-1

[Event "HUN-chT"]
[Site "HUN"]
[Date "1991.??.??"]
[Round "?"]
[White "Vegh, Endre"]
[Black "Deak, Sandor"]
[Result "1-0"]
[WhiteElo "2375"]
[BlackElo "2330"]

1.d4 Nf6 2.c4 g6 3.Nc3 d5 4.cxd5 Nxd5 5.e4 Nxc3 6.bxc3 Bg7 7.Be3 O-O 8.Bc4 c5
9.Ne2 Nc6 10.Rc1 Na5 11.Bd3 cxd4 12.cxd4 f5 13.h4 fxe4 14.Bxe4 Bf5 15.Bxf5 Rxf5
16.h5 Qd5 17.hxg6 hxg6 18.Ng3 Qxg2 19.Qg4 Rf6 20.Rc5 Nc6 21.Rg5 Kf7 22.Rh7 Rg8
23.d5 Nd8 24.Bd4 Qg1+ 25.Ke2 Qb1 26.Bxf6 Qb5+ 27.Ke3 exf6 28.Rxg6 Qc5+ 29.Kf3 Qxd5+
30.Ne4 Qd1+ 31.Kg2 Qxg4+ 32.Rxg4 f5 33.Nd6+ Kf6 34.Nxf5 Kxf5 35.Rhxg7  1-0

[Event "HUN-chT"]
[Site "HUN"]
[Date "1991.??.??"]
[Round "?"]
[White "Zsinka, Laszlo"]
[Black "Horvath, Jozsef"]
[Result "0-1"]
[WhiteElo "2375"]
[BlackElo "2540"]

1.d4 Nf6 2.c4 g6 3.Nc3 d5 4.cxd5 Nxd5 5.e4 Nxc3 6.bxc3 Bg7 7.Be3 O-O 8.Qd2 c5
9.Nf3 Qa5 10.Rb1 cxd4 11.cxd4 Qxd2+ 12.Kxd2 Rd8 13.Bd3 e6 14.Rhc1 Nc6 15.h4 Nxd4
16.Nxd4 Bxd4 17.Bxd4 Rxd4 18.Ke3 Ra4 19.Rc7 b6 20.h5 Rxa2 21.h6 Ra3 22.Kd4 e5+
23.Ke3 Ba6 24.Rd7 Rxd3+ 25.Rxd3 Bxd3 26.Kxd3 Rc8 27.Rb5 Rd8+ 28.Ke3 f6 29.f4 exf4+
30.Kxf4 Kf7 31.Rb2 g5+ 32.Ke3 Kg6 33.g4 Kxh6 34.Rc2 Rd6 35.Rc7 a5 36.Ra7 Kg6
37.Ra8 h5  0-1

[Event "HUN-ch"]
[Site "HUN"]
[Date "1991.??.??"]
[Round "5"]
[White "Lukacs, Peter"]
[Black "Horvath, Jozsef"]
[Result "1/2-1/2"]
[WhiteElo "2500"]
[BlackElo "2540"]

1.d4 Nf6 2.c4 g6 3.Nc3 d5 4.cxd5 Nxd5 5.e4 Nxc3 6.bxc3 Bg7 7.Bc4 c5 8.Ne2 Nc6
9.Be3 O-O 10.O-O Bg4 11.f3 Na5 12.Bd3 cxd4 13.cxd4 Be6 14.Rc1 Bxa2 15.Qa4 Be6
16.d5 Bd7 17.Qb4 e6 18.Nc3 exd5 19.Nxd5 Be6 20.Rfd1 Bxd5 21.exd5 Re8 22.Bf4 Be5
23.Bxe5 Rxe5 24.d6 Rd5 25.Be4 Qb6+ 26.Qxb6 Rxd1+ 27.Rxd1 axb6 28.Rb1  1/2-1/2

[Event "HUN-ch"]
[Site "HUN"]
[Date "1991.??.??"]
[Round "7"]
[White "Farago, Ivan"]
[Black "Adorjan, Andras"]
[Result "0-1"]
[WhiteElo "2515"]
[BlackElo "2530"]

1.d4 Nf6 2.c4 g6 3.Nc3 d5 4.cxd5 Nxd5 5.e4 Nxc3 6.bxc3 Bg7 7.Bc4 c5 8.Ne2 Nc6
9.Be3 O-O 10.O-O Qc7 11.Rc1 Rd8 12.Qd2 a6 13.a4 Bd7 14.Qa2 Be8 15.Qa3 b5
16.Ba2 b4 17.cxb4 cxd4 18.Bd2 Qd6 19.Rc5 a5 20.Bd5 axb4 21.Qc1 Ra6 22.Bf4 e5
23.Bg5 Rb8 24.Bc4 Ra5 25.Bb5 Na7 26.Nxd4 Qxd4 27.Be3 Nxb5 28.Bxd4 Nxd4 29.Qc4 Rxa4
30.Rc8 Raa8 31.Rxb8 Rxb8 32.Qc7 Ra8 33.Qb7 Bc6 34.Qxb4 Bxe4 35.Qc4 h5 36.f4 Bf5
37.fxe5 Bxe5 38.Qd5 Re8 39.Re1 Nc6 40.Kh1 Re6 41.Qd7 Kg7 42.Qd5 Nb4 43.Qf3 Nc2
44.Rf1 Bf6 45.h3 Be4 46.Qf4 Ne3 47.Rf2 Bc6 48.Qc7 Nxg2 49.Rxg2 Re1+ 50.Kh2 Be5+  0-1

[Event "HUN-ch"]
[Site "HUN"]
[Date "1991.??.??"]
[Round "9"]
[White "Lukacs, Peter"]
[Black "Adorjan, Andras"]
[Result "1/2-1/2"]
[WhiteElo "2500"]
[BlackElo "2530"]

1.d4 Nf6 2.c4 g6 3.Nc3 d5 4.cxd5 Nxd5 5.e4 Nxc3 6.bxc3 Bg7 7.Bc4 c5 8.Ne2 Nc6
9.Be3 O-O 10.O-O Qc7 11.Rc1 Rd8 12.Qd2 a6 13.Bh6 b5  1/2-1/2

[Event "Katowice op"]
[Site "Katowice"]
[Date "1991.??.??"]
[Round "7"]
[White "Sjoberg, Mats"]
[Black "Schmidt, Wlodzimierz"]
[Result "1/2-1/2"]
[WhiteElo "2360"]
[BlackElo "2460"]

1.d4 Nf6 2.c4 g6 3.Nc3 d5 4.cxd5 Nxd5 5.e4 Nxc3 6.bxc3 Bg7 7.Bc4 c5 8.Ne2 Nc6
9.Be3 O-O 10.O-O Qc7 11.Rc1 Rd8 12.Bf4 Qd7 13.d5 Na5 14.Bd3 e5 15.Bg5 Re8
16.c4 b6 17.Rb1 f5 18.Nc3 f4 19.f3 Bf8 20.Bh4 Qg7 21.Be1 Nb7 22.a4 Bd7 23.Nb5 Bxb5
24.Rxb5 Bd6 25.a5 Bc7 26.Qa1 Nxa5 27.Bxa5 bxa5 28.Rb7 Re7 29.Bc2 Bb6 30.Rxe7 Qxe7
31.Rd1 Rd8 32.Qa4 Rd6 33.Qb5 g5 34.Ba4 Kf8 35.Qa6 Qc7 36.Qb5 Qe7 37.Qa6 Qc7
38.Kf2 h5 39.g3 fxg3+ 40.hxg3 h4 41.gxh4 gxh4 42.Rg1 Rh6 43.Rg5 h3 44.Kg1 Rh7
45.Kh2 Qd8 46.Rg3 Rg7 47.Rxg7 Kxg7 48.Kxh3 Qd6 49.Qb7+ Qc7 50.Qa8 Qf7 51.Kg2 Qg6+
52.Kf2 Qg5 53.Qb7+ Kf8 54.Qc8+ Kg7 55.Qd7+ Kf6 56.Qe6+ Kg7 57.Bd1 a4 58.Qd7+ Kf6
59.Qxa4 Qh4+ 60.Kg2 Qg5+ 61.Kf1 Qh4 62.Qe8 Qh1+ 63.Ke2  1/2-1/2

[Event "Kecskemet GM"]
[Site "Kecskemet"]
[Date "1991.??.??"]
[Round "8"]
[White "Hracek, Zbynek"]
[Black "Gurevich, Ilya"]
[Result "1-0"]
[WhiteElo "2485"]
[BlackElo "2455"]

1.d4 Nf6 2.c4 g6 3.Nc3 d5 4.cxd5 Nxd5 5.e4 Nxc3 6.bxc3 Bg7 7.Nf3 c5 8.Rb1 O-O
9.Be2 Nc6 10.d5 Ne5 11.Nxe5 Bxe5 12.Qd2 Bg7 13.c4 Re8 14.Bb2 e6 15.Bxg7 Kxg7
16.d6 e5 17.O-O b6 18.f4 Bb7 19.d7 Re7 20.Rbd1 Bxe4 21.fxe5 Rxe5 22.Bf3 Bxf3
23.Rxf3 Re6 24.Qd5 Rb8 25.Rdf1 Kh6 26.Rxf7 Re2 27.Qd3 Re5 28.Qh3+ Rh5 29.Qe3+  1-0

[Event "Kecskemet GM"]
[Site "Kecskemet"]
[Date "1991.??.??"]
[Round "10"]
[White "Tratar, Marko"]
[Black "Gurevich, Ilya"]
[Result "0-1"]
[WhiteElo "2340"]
[BlackElo "2455"]

1.d4 Nf6 2.c4 g6 3.Nc3 d5 4.cxd5 Nxd5 5.e4 Nxc3 6.bxc3 Bg7 7.Nf3 c5 8.Rb1 O-O
9.Be2 Nc6 10.d5 Ne5 11.Nxe5 Bxe5 12.Qd2 Bg7 13.O-O b6 14.f4 e6 15.dxe6 Bxe6
16.f5 Bc8 17.f6 Qxd2 18.Bxd2 Rd8 19.Bg5 Bf8 20.Bc4 Bb7 21.Rbe1 Bc6 22.e5 Bd5
23.Bxd5 Rxd5 24.c4 Rd7 25.a4 Re8 26.Re4 h6 27.Bf4 Rd3 28.Ree1 Rd4 29.Rc1 g5
30.Bg3 Kh7 31.Rc2 h5 32.h3 Kg6 33.a5 bxa5 34.Ra1 h4 35.Bh2 Red8 36.Rcc1 Bh6
37.Rf1 g4 38.hxg4 Rxg4 39.Ra2 h3 40.Kh1 hxg2+ 41.Rxg2 Rxg2 42.Kxg2 Rd2+ 43.Kh1 Rc2
44.Rg1+ Kf5 45.Rg7 a4 46.Rxf7 a3 47.Rxa7 a2 48.Bg1 Kxe5 49.f7 Bf8 50.Ra6 Rd2
51.Bh2+ Kf5 52.Bg1 Rc2 53.Be3 Re2 54.Bg1 Rd2 55.Ra3 Ke6  0-1

[Event "JUG-ch"]
[Site "Kladovo"]
[Date "1991.??.??"]
[Round "3"]
[White "Maksimovic, Branimir"]
[Black "Panzalovic, Srdjan"]
[Result "1/2-1/2"]
[WhiteElo "2380"]
[BlackElo "2410"]

1.d4 Nf6 2.c4 g6 3.Nc3 d5 4.cxd5 Nxd5 5.e4 Nxc3 6.bxc3 Bg7 7.Bc4 c5 8.Ne2 Nc6
9.Be3 O-O 10.O-O Bg4 11.f3 Na5 12.Bxf7+ Rxf7 13.fxg4 Rxf1+ 14.Kxf1 cxd4 15.cxd4 e5
16.dxe5 Qxd1+ 17.Rxd1 Nc4 18.Bf4 Nxe5 19.Bxe5 Bxe5 20.Kf2 Rc8 21.Rd5 Bg7
22.Ke3 Rc2 23.Nf4 Rxa2 24.Rd8+ Kf7 25.Rd7+ Kg8 26.g5 Ra3+ 27.Ke2 Ra2+ 28.Kd3 Ra3+
29.Ke2 Ra2+ 30.Ke3 Ra3+ 31.Nd3 Rb3 32.Rd5 Kf8 33.e5 Ke7 34.Rc5 Kd7 35.Ke4 a6
36.h4 Rb5 37.Kd5 Bf8 38.Rxb5 axb5 39.g4 Ba3 40.h5 b4 41.Kc4 b3 42.Kxb3 Be7
43.Kc4 gxh5 44.gxh5 Bxg5 45.Kd5 Ke7 46.Nb4 Bd2 47.Nc2 b5 48.Nd4 b4 49.Nc6+ Ke8
50.Nd4 Bc3 51.Nb3 Ke7 52.Na5 Bd2 53.Ke4 Ke6 54.Nb3 Bc3 55.Nc5+ Ke7 56.Kf5 Bd4
57.Nb3 Bc3 58.Na5 Bd2 59.Nc6+ Kd7 60.Nd4 Ke7 61.Ke4  1/2-1/2

[Event "JUG-ch"]
[Site "Kladovo"]
[Date "1991.??.??"]
[Round "9"]
[White "Lakic, Nikola"]
[Black "Sale, Srdjan"]
[Result "1/2-1/2"]
[WhiteElo "2310"]
[BlackElo "2365"]

1.d4 Nf6 2.c4 g6 3.Nc3 d5 4.cxd5 Nxd5 5.e4 Nxc3 6.bxc3 Bg7 7.Bc4 O-O 8.Ne2 Nc6
9.Bg5 b6 10.Qd3 Na5 11.Bb3 Bb7 12.Rd1 Qd7 13.O-O e5 14.Qe3 Qb5 15.Rb1 Nxb3
16.d5 f5 17.axb3 f4 18.Qd2 h6 19.Be7 f3 20.gxf3 Rxf3 21.Kg2 Rf7 22.Bh4 Raf8
23.Bg3 Qd7 24.f3 g5 25.h3 Qd6 26.c4 Qg6 27.b4 h5 28.Qd3 Bc8 29.c5 bxc5 30.b5 Bxh3+
31.Kxh3 Rxf3 32.Rxf3 g4+ 33.Kh2 gxf3 34.Rf1 Qg4 35.Ng1 h4 36.Rxf3 Rxf3 37.Qxf3 hxg3+
38.Kg2 Qh4 39.Nh3 c4 40.Qe2 c3 41.Qc4 Kh8 42.Qxc3 Qxe4+ 43.Qf3 Qh4 44.Qxg3 Qc4
45.Qf3 Qh4 46.Qf5 Bf6 47.Qc8+ Bd8 48.Nf2 Kg7 49.Qd7+ Kf8 50.Ng4 Be7 51.Qf5+ Ke8
52.Qg6+ Kf8 53.Qf5+ Ke8 54.Qc8+ Bd8 55.Qe6+ Be7 56.Kf3 Qh1+ 57.Kg3 Qe1+ 58.Kf3 Qd1+
59.Ke4 Qe2+ 60.Kf5 Qd3+  1/2-1/2

[Event "JUG-ch"]
[Site "Kladovo"]
[Date "1991.??.??"]
[Round "12"]
[White "Gligoric, Svetozar"]
[Black "Zakic, Srdjan"]
[Result "1-0"]
[WhiteElo "2455"]
[BlackElo "2350"]

1.d4 Nf6 2.c4 g6 3.Nc3 d5 4.cxd5 Nxd5 5.e4 Nxc3 6.bxc3 Bg7 7.Bb5+ Bd7 8.Bxd7+ Qxd7
9.Nf3 c5 10.O-O cxd4 11.cxd4 Nc6 12.Be3 O-O 13.d5 Na5 14.Bd4 Rfc8 15.Bxg7 Kxg7
16.Qd4+ Kg8 17.Rad1 Rc4 18.Qe3 Qa4 19.Rfe1 Rac8 20.e5 b6 21.e6 f6 22.d6 exd6
23.e7 Re8 24.Rxd6 Kg7 25.Nd4 Qb4 26.Rd8 Rc3 27.Ne6+ Kf7 28.Qh6  1-0

[Event "Kobanya op"]
[Site "Kobanya"]
[Date "1991.??.??"]
[Round "2"]
[White "Kallai, Gabor"]
[Black "Berebora, Ferenc"]
[Result "1-0"]
[WhiteElo "2440"]
[BlackElo "2310"]

1.d4 Nf6 2.c4 g6 3.Nc3 d5 4.cxd5 Nxd5 5.e4 Nxc3 6.bxc3 Bg7 7.Bc4 O-O 8.Ne2 Qd7
9.h4 Qg4 10.Qd3 c5 11.h5 cxd4 12.hxg6 hxg6 13.f3 Qd7 14.cxd4 Nc6 15.Bh6 Bxh6
16.Rxh6 Kg7 17.Qd2 e5 18.Rh1 Qd6 19.Qh6+ Kf6 20.Qh4+ Kg7 21.f4 Bh3 22.fxe5 Nxe5
23.dxe5 Qxe5 24.Rd1 Bxg2 25.Qh7+ Kf6 26.Rh4 Bxe4 27.Rd7 Qa5+ 28.Kf1  1-0

[Event "Krasnodar"]
[Site "Krasnodar"]
[Date "1991.??.??"]
[Round "?"]
[White "Tunik, Gennady"]
[Black "Yuferov, Sergey  N"]
[Result "1-0"]
[WhiteElo "2445"]
[BlackElo "2395"]

1.d4 Nf6 2.c4 g6 3.Nc3 d5 4.cxd5 Nxd5 5.e4 Nxc3 6.bxc3 Bg7 7.Be3 c5 8.Qd2 Qa5
9.Rb1 cxd4 10.cxd4 Nc6 11.Qxa5 Nxa5 12.Nf3 O-O 13.Be2 b6 14.O-O Bb7 15.d5 f5
16.Rfd1 fxe4 17.Ng5 h6 18.Ne6 Rf5 19.Rbc1 Rb8 20.d6 exd6 21.Nxg7 Kxg7 22.Rc7+ Rf7
23.Bxh6+ Kg8 24.Rxf7 Kxf7 25.Rxd6 Re8 26.Bg5 Re5 27.h4 Bc8 28.Rf6+ Kg7 29.Rf4 Kg8
30.g4 Bd7 31.Bf6 Re8 32.g5 e3 33.Rd4 exf2+ 34.Kxf2 Bf5 35.h5 gxh5 36.Bxh5 Rc8
37.Bf3 Kf7 38.Kg3 Rc1 39.Rd8 Rc8  1-0

[Event "Kuopio op"]
[Site "Kuopio"]
[Date "1991.??.??"]
[Round "5"]
[White "Raisa, Unto"]
[Black "Rytshagov, Mikhail"]
[Result "1/2-1/2"]
[WhiteElo "2260"]
[BlackElo "2385"]

1.d4 Nf6 2.c4 g6 3.Nc3 d5 4.cxd5 Nxd5 5.e4 Nxc3 6.bxc3 Bg7 7.Be3 c5 8.Rc1 O-O
9.Nf3 cxd4 10.cxd4 Bg4 11.Be2 e6 12.h3 Bxf3 13.Bxf3 Qa5+ 14.Qd2 Qxd2+ 15.Kxd2 Nc6
16.e5 Rfd8 17.Bxc6 bxc6 18.Ke2 Rab8 19.Rc2 Bf8 20.Rd1 Rdc8 21.Rd3 Rb7 22.Rdc3 Rbc7
23.Rc4 Be7 24.Kd3 Kf8 25.Bd2 Ke8 26.Ba5 Rb7 27.Rxc6 Rxc6 28.Rxc6 Rb2 29.Rc2 Rxc2
30.Kxc2 h5 31.Kb3 Kd7 32.Kc4 Kc6 33.g4 hxg4 34.hxg4 Bg5 35.Bb4 a6  1/2-1/2

[Event "URS-JUG U20"]
[Site "Leningrad"]
[Date "1991.??.??"]
[Round "?"]
[White "Ostojic, Nikola"]
[Black "Orlov, Vassily"]
[Result "1-0"]
[WhiteElo "2350"]
[BlackElo "2245"]

1.d4 Nf6 2.c4 g6 3.Nc3 d5 4.cxd5 Nxd5 5.e4 Nxc3 6.bxc3 Bg7 7.Bb5+ c6 8.Ba4 O-O
9.Ne2 e5 10.O-O Nd7 11.Rb1 Nb6 12.Ba3 Re8 13.Bb3 Be6 14.Bxe6 Rxe6 15.Qd3 Qe8
16.f3 Rd8 17.Rfd1 Kh8 18.c4 exd4 19.c5 f5 20.Ng3 Nd5 21.Rxb7 Nc3 22.Rf1 f4
23.Nh1 Re7 24.Rb3 Rb8 25.Nf2 Reb7 26.Rxb7 Rxb7 27.Qc4 Qf7 28.Qxf7 Rxf7 29.Nd3 Nxa2
30.Rb1 Nc3 31.Rb8+ Rf8 32.Rxf8+ Bxf8 33.Nxf4 Nb5 34.Bb4 a5 35.Bxa5 Bxc5 36.Nd3 Ba7
37.Bb4 Kg7 38.Kf1 Kf6 39.Ke2 Nc7 40.Bd6 Ne6 41.Nb4 c5 42.Nd5+ Kf7 43.Kd3 Ke8
44.Nf6+ Kd8 45.Kc4 h6 46.f4 Bb6 47.f5 gxf5 48.exf5 Ng7 49.g4 Ne8 50.Nxe8 Kxe8
51.Bf4 h5 52.g5 Ba5 53.g6 Bd8 54.Kxc5 Bf6 55.Kc4  1-0

[Event "Lenk"]
[Site "Lenk"]
[Date "1991.??.??"]
[Round "5"]
[White "Klauser, Markus"]
[Black "Georges, Sacha"]
[Result "0-1"]
[WhiteElo "2370"]
[BlackElo "2200"]

1.d4 Nf6 2.c4 g6 3.Nc3 d5 4.cxd5 Nxd5 5.e4 Nxc3 6.bxc3 Bg7 7.Be3 c5 8.Qd2 Qa5
9.Nf3 Nc6 10.Rb1 cxd4 11.cxd4 Qxd2+ 12.Kxd2 O-O 13.d5 Na5 14.Bc5 f5 15.Bxe7 Re8
16.d6 Bh6+ 17.Kd1 fxe4 18.Ne5 a6 19.Rb4 b5 20.Rxe4 Bf5 21.Rd4 Bg7 22.f4 Bxe5
23.fxe5 Nc6 24.g4 Be6 25.Rd2 Nxe7 26.dxe7 Bxg4+ 27.Be2 Bxe2+ 28.Rxe2 Rxe7
29.Kc2 Rc8+ 30.Kb3 Rc5 31.Rhe1 a5 32.e6 Kg7 33.Re5 Rxe5 34.Rxe5 a4+ 35.Kb4 Kf6
36.Rxb5 Rxe6 37.Kxa4 Re2 38.Kb3 Rxh2 39.a4 h5 40.a5 Rh1 41.Kb2 Rd1 42.a6 Rd8
43.Kc3 h4 44.a7 Ra8 45.Ra5 h3 46.Ra2 Kf5 47.Kd4 Kf4 48.Kd5 g5 49.Ke6 g4 50.Ra4+ Kg5
51.Ra5+ Kh4 52.Ra2 g3 53.Ra4+ Kg5 54.Ra5+ Kh6  0-1